00940nam a22002537a 45000010005000000030006000050050017000110080041000280200018000690400029000870500016001160820009001321000022001412450071001632600036002343000059002704900019003295050007003485200195003555210027005505210018005776500056005957000035006518890FISKH20251030093039.0251030b cb ||||| |||| 00| 0 eng d a9781403734280 aFISKHbengcFISKHdFISKH aPZ8.A4185 L a813  aAllen, Constance  aLet's eat! / cby Constance Allen ; Illustrated by David Prebenna  aFranklin : bDalmatian, c2007. a24 unnumbered pages : bcolor illustrations ; c21 cm aSesame Street  aJ  aCookie Monster is having a dinner party and needs someone to help him shop for groceries, set the table, cook dinner, make dessert, and eat, eat, eat! Perfect for any Thanksgiving promotion.8 a430 bLexile estimate 8 aJ bRaz-Plus  aThanksgivingvJuvenile picture bookxCookie Monster aPrebenna, David eillustrator